000 00297nam a22001337a 4500
008 170328b xxu||||| |||| 00| 0 eng d
020 _a9780736042437
041 _aeng
080 _a796.3
100 _a8
101 _aSHM
245 _aCONTEMPORARY SPORT MANAGEMENT
_cPARKS.J.B
942 _2udc
_cBK
999 _c8808
_d8808